LEADER 00990cam0 2200289 450 001 E600200055142 005 20210201075503.0 010 $a8842042196 100 $a20091019d1993 |||||ita|0103 ba 101 $aita 102 $aIT 200 1 $aMetafisica della natura$fArthur Schopenhauer$gcur. Ignazio Volpicelli 210 $aRoma$aBari$cLaterza$d1993 215 $aXVI,176 p.$d22cm 225 2 $aBiblioteca universale Laterza$v399 410 1$1001LAEC00015236$12001 $a*Biblioteca universale Laterza$v399 700 1$aSchopenhauer$b, Arthur$3AF00010907$4070$0134228 702 1$aVolpicelli, Ignazio$3A600200057574$4070 801 0$aIT$bUNISOB$c20210201$gRICA 850 $aUNISOB 852 $aUNISOB$j100$m78940 912 $aE600200055142 940 $aM 102 Monografia moderna SBN 941 $aM 957 $a100$b008924$gSi$d78940$rAcquisto$1pregresso2$2UNISOB$3UNISOB$420091019111321.0$520210201075449.0$6Alfano 996 $aMetaphysik der Natur$946048 997 $aUNISOB